000
00204 a2200097 4500
001
24093
100
_a
Thomson, G.S
245
_a
Exercises in physics
260
_a
_b
Murray
_c
1965
090
_c
16293
_d
16293
942
_a
NUST-CAE
_c
M
_c
6995
999
_c
259166
_d
259166